000 00311nam a22001337a 4500
008 170407b xxu||||| |||| 00| 0 eng d
020 _a4260141066
041 _aeng
080 _a616
100 _a9
101 _aSHM
245 _aGUIDES TO CLINICAL ASPIRATION BIOPSY PROSTATE
_cKLINE, T.S
942 _2udc
_cBK
999 _c10260
_d10260